Chanteuses anglophones des années 60 à 2026 - Statistiques

Statistiques générales
  • Ce quiz a été pris 18 fois
    15 depuis la dernière actualisation
  • Le résultat moyen est 2 sur 16
Statistiques - réponses
Par images Réponse % Correct
Lola Young
53%
Petula Clark
40%
Janis Joplin
33%
Kim Wilde
20%
Alison Moyet
7%
Liza Stanfield
7%
Brenda Lee
0%
June Carter
0%
Kiki Dee
0%
Kt Tunstall
0%
Maggie Reilly
0%
Mama Cass Elliot
0%
Sandie Shaw
0%
Suzi Quatro
0%
Tammy Wynette
0%
Tori Amos
0%
Aucun quiz correspondant
Distribution des résultats
% des personnes avec chaque résultat
Percentile par nombre de réponses
Votre historique - résultats
Vous n’avez pas pris ce quiz depuis la dernière actualisation